|
|
|
|
| LEADER |
01249pam a22002778a 4500 |
| 001 |
00020169 |
| 005 |
20171026081023.0 |
| 008 |
110512s1988 ||||||Viesd |
| 041 |
0 |
# |
|a Vie
|
| 082 |
1 |
4 |
|a 512.007 1
|b Đ103S
|
| 100 |
0 |
# |
|a Đoàn Quỳnh
|
| 245 |
0 |
0 |
|a Đại số tuyến tính và hình học
|c Đoàn Quỳnh, Văn Như Cương, Hoàng Xuân Sính
|n T.2
|p Đại số tuyến tính và hình học Afin
|
| 260 |
# |
# |
|a H.
|b Giáo dục
|c 1988
|
| 300 |
# |
# |
|a 216 tr.
|c 21 cm.
|
| 500 |
# |
# |
|a Đã được hội đồng thẩm định bộ giáo dục giới thiệu làm sách dùng cho các trường Đại học sư phạm
|
| 650 |
# |
4 |
|a Hình học
|
| 650 |
# |
4 |
|a Đại số tuyến tính
|
| 653 |
# |
# |
|a Hình học Afin
|
| 700 |
0 |
# |
|a Hoàng Xuân Sính
|
| 700 |
0 |
# |
|a Văn Như Cương
|
| 852 |
# |
# |
|b Kho giáo trình
|j KGT.0004092, KGT.0004093, KGT.0004094, KGT.0004095, KGT.0004096, KGT.0004097, KGT.0004098
|
| 852 |
# |
# |
|b Kho mượn
|j KGT.0004096
|
| 852 |
# |
# |
|b Kho đọc
|j KD.0005540
|
| 852 |
# |
# |
|j KD.0005540
|j KGT.0004098
|j KGT.0004096
|j KGT.0004097
|
| 910 |
0 |
# |
|a nhnam
|d 12/05/2011
|
| 980 |
# |
# |
|a Trung tâm Học liệu Lê Vũ Hùng, Trường Đại học Đồng Tháp
|